000 00912nam a2200253 a 4500
001 000013117
003 DO-SdBNP
005 20230725115327.0
008 091120s1994 dr c 000 f spa d
040 _aDO-SdBNP
_bspa
_cBPMSU
082 4 _aRD863.44
_bR918b 1994
_222
100 1 _aRueda, Manuel,
_d1921-1999
245 1 0 _aBienvenida y la noche :
_b(crónicas de Montecristi) /
_cManuel Rueda ; prólogo José Alcántara Almánzar ; edición Andrés Blanco Díaz.
260 _aSanto Domingo :
_bFundación Cultural Dominicana,
_c1994.
300 _a188 p. :
_bretrs. ;
_c25 cm.
590 _aInventariado, 2023/VM
650 4 _aNovela histórica dominicana.
650 4 _aLiteratura dominicana.
700 1 _aAlcántara Almánzar, José,
_d1946-
_epról.
700 1 _aBlanco Díaz, Andrés
_eed.
710 2 _aFundación Cultural Dominicana,
910 _aVMateo V. Control de calidad. BPMSU
942 _2ddc
_cBK
999 _c14448
_d14448